000 00485naa a2200157 a 4500
001 1179
003 CDMR
005 20130328100705.0
008 130130s ||||||||||||r|||||||||||||||d
040 _aCDMR
_bcat
_cCDMR
100 1 _aPellicena, Joaquim
_9925
245 1 0 _aEnric Prat de la Riba
_b: conferència a Ràdio Barcelona : dia 3 de juny
600 1 4 _aPrat de la Riba, Enric
_9924
773 0 _tAssociació de Periodistes de Barcelona
_gAny II, 1933, p.215-225
_w315
942 _cCAP
_2udc
999 _c1179
_d1179